| 000 | 01391nam a2200397 i 4500 | ||
|---|---|---|---|
| 001 | 196391 | ||
| 003 | ES-MaACL | ||
| 005 | 20241012063115.0 | ||
| 007 | ta | ||
| 008 | 240923s2016 sp a 000 0 spa | ||
| 017 |
_aM 11447-2016 _bOficina Depósito Legal Madrid |
||
| 020 | _a9788446043270 | ||
| 035 | _a(OCoLC)962523529 | ||
| 035 | _a(SpMaBN)a5916243 | ||
| 035 | _a991001488199708606 | ||
| 040 |
_aSpMaBN _bspa _cSpMaBN _erdc _dES-MaACL |
||
| 044 |
_asp _ach |
||
| 080 | _a576.31 | ||
| 100 |
_aChalloner, Jack _9238877 |
||
| 245 | 1 | 3 |
_aLa célula : _buna guía visual del componente esencial de la vida / _cJack Challoner ; asesor, Phil Dash ; [traducción, Pedro Pacheco González]. |
| 260 |
_aTres Cantos, Madrid : _bAkal, _cD.L. 2016. |
||
| 300 |
_a192 p. : _bil. col. y n. ; _c25 cm |
||
| 336 |
_aTexto (visual) _2isbdcontent |
||
| 337 |
_asin mediación _2isbdmedia |
||
| 338 |
_2rdacarrier _avolumen |
||
| 500 | _aÍndice | ||
| 594 | _aTítulo original: The cell | ||
| 650 | 7 |
_aCelulas _9135744 |
|
| 852 |
_aES-MaACL _cDEPO1 _hDonación: José Manuel Duarte Cendán _9204090 _jA-15430 |
||
| 903 |
_9238529 _aDuarte Cendán, José Manuel _q1 _ednr |
||
| 942 |
_n0 _cMONOGRAFIA |
||
| 999 |
_c196391 _d196391 |
||